Score 0/18 Timer 05:00
0 Plays Today
Hint Chef % Correct
Passed away in 2004, she was the host of the French Chef from 1963-1973Julia Child
81.7%
Food Network star who hosts shows such as Throwdown! and Boy Meets GrillBobby Flay
77.4%
Hosts his own cooking show, his signature catchphrase is BAM!Emeril Lagasse
75.7%
Host of 30 Minute Meals and $40 a Day on the Food NetworkRachael Ray
74%
Known for her southern style cooking, owns The Lady & Sons resturauntPaula Deen
66%
One of the Iron Chefs, he specializes in Italian cuisineMario Batali
64%
Host of shows Hell's Kitchen and Kitchen NightmaresGordon Ramsay
63.5%
Nicknamed 'The Naked Chef' he specializes in French and organic cuisineJamie Oliver
57.9%
Austrian chef, has resturaunts and his licensed food goods are sold in storesWolfgang Puck
52.6%
Hint Chef % Correct
Host of the show No Reservations on the Food NetworkAnthony Bourdain
49.4%
Author of the Barefoot Contessa, and branded that name to product and televisionIna Garten
47.6%
Best known for her 'Semi-Homemade' cooking style which is 70% store-bought, 30% fresh madeSandra Lee
47.3%
Best known for his stints on both the Japanese and American versions of Iron Chef, he is known for his Japanese fusion style cookingMasaharu Morimoto
46.7%
Italian American chef, hosts the show Everyday Italian and wrote a book of the same titleGiada De Laurentiis
28.4%
Hosted Food 911 and How to Boil Water on the Food NetworkTyler Florence
23%
Chef of french cuisine whos landmark resturaunt The French Laundry in Napa ValleyThomas Keller
19.2%
From Spain, this chef is the head chef of the El Bulli resturaunt which is constantly a top 5 resturaunt in the world rankingsFerran Adria
9.5%
French chef considered one of the finest of the 20th century, cooking award named after himPaul Bocuse
5.5%

You're not logged in!

Compare scores with friends on all Sporcle quizzes.
OR
Log In

Sporcle TV

Today on Sporcle TV


Watch our educational content, quiz creation guides, and fun videos on Sporcle TV.

Show Comments

Extras

Top Quizzes Today


Score Distribution

Paid Content

Your Account Isn't Verified!

In order to create a playlist on Sporcle, you need to verify the email address you used during registration. Go to your Sporcle Settings to finish the process.

Report this User

Report this user for behavior that violates our Community Guidelines.

Details: